| 000 | 01041nam a2200229Ia 4500 | ||
|---|---|---|---|
| 001 | L700-29060 | ||
| 003 | IT-CnALBA | ||
| 008 | 170116s9999||||xx |||||||||||||| ||und|| | ||
| 040 |
_aIT-CnALBA _cIT-CnALBA |
||
| 041 | _aITALIANO | ||
| 100 | _aCONTINI A. | ||
| 245 | 0 | _aDISEGNO ARCHITETTONICO PER I LICEI SCIENTIFICI. VOL. III: L'ARTE RINASCIMENTALE. | |
| 250 | _a1a ed. | ||
| 260 |
_a BOLOGNA _bZANICHELLI NICOLA, EDITORE _c1979 [1° Ed.:1979 - Ed.Ling.Originale: 1979] |
||
| 300 | _a126 p. | ||
| 500 | _aIL QUATTROCENTO: ARCHITETTURA, SCULTURA, DECORAZIONE, PITTURA. IL CINQUECENTO: BRAMANTE, PALLADIO. BRUNELLESCHI, LEON BATTISTA ALBERTI. ROMA ARTISTICA ' | ||
| 501 | _aSocietà San Paolo EM - Piazza San Paolo, 14 - 12051 ALBA (CN) (non commercial uses only) ® Copyright 2017 | ||
| 520 | _aIL QUATTROCENTO: ARCHITETTURA, SCULTURA, DECORAZIONE, PITTURA. IL CINQUECENTO: BRAMANTE, PALLADIO. BRUNELLESCHI, LEON BATTISTA ALBERTI. ROMA ARTISTICA ' | ||
| 650 | _aBELLE ARTI-ARTI DECORATIVE | ||
| 942 | _cBK | ||
| 957 | _71 | ||
| 999 |
_a33830 _bNO _g Copie: 1 _c287995 _d287995 |
||